[Event "Split op 12th"]
[Site "Split"]
[Date "2023.08.13"]
[Round "9"]
[White "Ivanov, Mike"]
[Black "Licznerski, Lukasz"]
[Result "1-0"]
[WhiteElo "2349"]
[BlackElo "2419"]
[PlyCount "87"]
[EventDate "2023.08.05"]
[EventType "swiss"]
[EventRounds "9"]
[EventCountry "CRO"]
[SourceTitle "CBM 215 Extra"]
[Source "ChessBase"]
[SourceDate "2023.09.30"]
[SourceVersion "1"]
[SourceVersionDate "2023.09.30"]
[SourceQuality "1"]

1. e4 c5 2. Nf3 d6 3. d4 cxd4 4. Qxd4 Nf6 5. Nc3 Nc6 6. Qd3 g6 7. Nd5 Bg7 8. c3 0-0 9. Bg5 Nxd5 10. exd5 Ne5 11. Nxe5 dxe5 12. Qd2 f6 13. Be3 Qd6 14. c4 e6 15. Be2 exd5 16. cxd5 b6 17. 0-0 Bb7 18. Rfd1 Rfd8 19. Bc4 Bf8 20. a4 Rac8 21. Bb3 Qb4 22. Qd3 Bc5 23. h3 Bxe3 24. Qxe3 Rc5 25. Rac1 Rd6 26. Rd3 Kg7 27. Ba2 Rd7 28. Bb3 g5 29. Rdd1 Kf8 30. Qd3 Kg7 31. Qf5 Rd6 32. Rxc5 Qxc5 33. Bc2 Bxd5 34. Qxh7+ Kf8 35. Bg6 Qc6 36. Qh8+ Ke7 37. Qg7+ Kd8 38. Bf5 Qe8 39. Qxa7 Qc6 40. Qg7 Qe8 41. f3 Qe7 42. Qh8+ Qe8 43. Qxe8+ Kxe8 44. Be4 1-0

[Event "Biel HTO 56th"]
[Site "Biel"]
[Date "2023.07.20"]
[Round "4"]
[White "Licznerski, Lukasz"]
[Black "Schnepp, Gunnar"]
[Result "1-0"]
[WhiteElo "2430"]
[BlackElo "2278"]
[PlyCount "121"]
[EventDate "2023.07.17"]
[EventType "swiss"]
[EventRounds "10"]
[EventCountry "SUI"]
[SourceTitle "CBM 215 Extra"]
[Source "ChessBase"]
[SourceDate "2023.09.30"]
[SourceVersion "1"]
[SourceVersionDate "2023.09.30"]
[SourceQuality "1"]

1. e4 c5 2. Nf3 d6 3. d4 cxd4 4. Nxd4 Nf6 5. Nc3 a6 6. Be3 e6 7. a4 Be7 8. Be2 0-0 9. 0-0 Qc7 10. f4 Nc6 11. Nb3 b6 12. g4 d5 13. e5 Ne4 14. Bd3 Nc5 15. Nd4 Bb7 16. Nxc6 Qxc6 17. Bd4 Ne4 18. Qf3 Bc5 19. Qe3 Bxd4 20. Qxd4 Nxc3 21. bxc3 b5 22. axb5 axb5 23. Rfb1 Ra4 24. Rxa4 bxa4 25. Bb5 Qc7 26. Bxa4 Ra8 27. Bb5 g6 28. f5 Ba6 29. Ra1 Qc8 30. c4 Bxb5 31. Rxa8 Qxa8 32. cxb5 Qa5 33. fxe6 fxe6 34. c4 Qe1+ 35. Kg2 Qe2+ 36. Kg3 Qe1+ 37. Kh3 Qf1+ 38. Kh4 dxc4 39. Qd8+ Kg7 40. Qc7+ Qf7 41. b6 c3 42. Kg3 g5 43. h3 Kg6 44. Qxc3 Qf4+ 45. Kg2 Qe4+ 46. Kf2 Qf4+ 47. Ke2 Qh2+ 48. Kd3 Qxh3+ 49. Kc4 Qxg4+ 50. Kb3 Kh6 51. b7 Qd1+ 52. Kb4 Qb1+ 53. Qb3 Qe1+ 54. Ka4 Qa1+ 55. Qa3 Qd4+ 56. Qb4 Qa1+ 57. Kb5 Qxe5+ 58. Kc6 Qd5+ 59. Kc7 Qe5+ 60. Kd7 Qb8 61. Qb6 1-0